Realism and tradition in art, 1848-1900 = Realismo y tradición en el art, 1848-1900 /
Αποθηκεύτηκε σε:
| Κύριος συγγραφέας: | |
|---|---|
| Μορφή: | Άγνωστο |
| Γλώσσα: | English |
| Έκδοση: |
Englewood Cliffs, New Jersey :
Prentice-Hall ,
1966.
|
| Θέματα: | |
| Ετικέτες: |
Προσθήκη ετικέτας
Δεν υπάρχουν, Καταχωρήστε ετικέτα πρώτοι!
|
MARC
| LEADER | 000000000a22000000004500 | ||
|---|---|---|---|
| 001 | 013444 | ||
| 041 | 0 | |a eng | |
| 082 | 0 | 4 | |a 709.034 |b N756r |
| 100 | 1 | |a Nochlin, Linda | |
| 245 | 1 | 0 | |a Realism and tradition in art, 1848-1900 = |b Realismo y tradición en el art, 1848-1900 / |c Linda Nochlin. |
| 246 | 3 | 1 | |a Realismo y tradición en el art, 1848-1900 |
| 260 | 1 | |a Englewood Cliffs, New Jersey : |b Prentice-Hall , |c 1966. | |
| 300 | |a 189 páginas ; |c 23 cm. | ||
| 650 | 4 | |a REALISMO EN EL ARTE | |
| 650 | 4 | |a NATURALISMO EN EL ARTE | |
| 650 | 4 | |a ARTE MODERNO | |
| 650 | 4 | |a SIGLO 19 | |
| 650 | 4 | |a FUENTES | |
| 500 | |a Colección George Yúdice | ||
| 999 | |c 19367 |d 19367 | ||
| 942 | |c BK |h 709.034 N756r |2 z | ||
